000 00519nam a22001697a 4500
005 20231120103114.0
008 231120b |||||||| |||| 00| 0 eng d
020 _a9780409070491
041 _aEnglish
082 _a343.4 BRI
100 _aBrincker, TE
_lEnglish
245 _aTaxation Principles of Interest and other Financing Transactions /
_cTE Brincker
260 _aDurban :
_bLexisNexis,
_c2004
300 _bx,
_c26 cm.
650 _aLegal practice
_bLaw
942 _cBK
_6ALISON_BN_VRIES
999 _c795
_d795